[Event "chess.com SpeedChess 2022"]
[Site "chess.com INT"]
[Date "2022.11.27"]
[Round "1.27"]
[White "Grischuk, Alexander"]
[Black "Ding, Liren"]
[Result "1/2-1/2"]
[WhiteTitle "GM"]
[BlackTitle "GM"]
[WhiteElo "2745"]
[BlackElo "2811"]
[WhiteFideId "4126025"]
[BlackFideId "8603677"]
[EventDate "2022.11.23"]
[EventType "k.o."]

1. c4 e5 2. g3 Nf6 3. Bg2 Bc5 4. Nc3 c6 5. Nf3 e4 6. Nh4 d5 7. cxd5 cxd5 8. d3
Ng4 9. O-O g5 10. d4 Bb4 11. h3 gxh4 12. hxg4 hxg3 13. fxg3 Nc6 14. g5 Be6 15.
Bf4 Be7 16. Qb3 Qd7 17. Rfd1 Rd8 18. Rac1 Rg8 19. Na4 Rxg5 20. Bxg5 Bxg5 21. Nc5
Qe7 22. e3 Bc8 23. Rf1 Rd6 24. Rc2 Rg6 25. Rcf2 f6 26. Qxd5 Bxe3 27. Nxe4 Kf8
28. Re1 Bxd4 29. Kf1 Bxf2 30. Kxf2 Qe5 31. Qd6+ Kg7 32. Qxe5 Nxe5 33. Rd1 Be6
34. Rd8 Bxa2 35. Nd6 Rg4 36. Nf5+ Kg6 37. Nh4+ Kf7 38. Rh8 Rb4 39. Rxh7+ Ke6 40.
Rxb7 Rxb7 41. Bxb7 Nd3+ 42. Ke3 Nxb2 43. Kd4 a5 44. Nf3 a4 45. Kc3 a3 46. Kb4
Nc4 47. Ba6 Ne5 48. Nd4+ Kf7 49. Nc2 Bd5 50. Kxa3 Be4 51. Ne3 Kg6 52. Kb4 Kg5
53. Kc3 f5 54. Kd2 f4 55. gxf4+ Kxf4 56. Nc2 Nf3+ 57. Kc3 Bxc2 58. Kxc2 1/2-1/2

[Event "chess.com SpeedChess 2022"]
[Site "chess.com INT"]
[Date "2022.11.27"]
[Round "1.28"]
[White "Ding, Liren"]
[Black "Grischuk, Alexander"]
[Result "0-1"]
[WhiteTitle "GM"]
[BlackTitle "GM"]
[WhiteElo "2811"]
[BlackElo "2745"]
[WhiteFideId "8603677"]
[BlackFideId "4126025"]
[EventDate "2022.11.23"]
[EventType "k.o."]

1. c4 e5 2. g3 d6 3. Bg2 f5 4. Nc3 Nf6 5. Nf3 a5 6. O-O Be7 7. d4 e4 8. Ng5 c6
9. d5 Na6 10. f3 exf3 11. exf3 O-O 12. Kh1 Nc5 13. Be3 Re8 14. f4 Bd7 15. Qc2
Ng4 16. Bd2 Bf6 17. Rae1 Rxe1 18. Rxe1 Nd3 19. Re2 Ndf2+ 20. Kg1 Qb6 21. Kf1
Nxh2+ 22. Ke1 Nfg4 23. Nh3 Qd4 24. dxc6 bxc6 25. Nb5 Qc5 26. Nc7 Rb8 27. b3 Qd4
28. Ne6 Qa1+ 29. Qd1 Qxa2 0-1

[Event "chess.com SpeedChess 2022"]
[Site "chess.com INT"]
[Date "2022.11.27"]
[Round "1.29"]
[White "Grischuk, Alexander"]
[Black "Ding, Liren"]
[Result "1-0"]
[WhiteTitle "GM"]
[BlackTitle "GM"]
[WhiteElo "2745"]
[BlackElo "2811"]
[WhiteFideId "4126025"]
[BlackFideId "8603677"]
[EventDate "2022.11.23"]
[EventType "k.o."]

1. d4 Nf6 2. c4 e6 3. Nf3 d5 4. Nc3 Bb4 5. cxd5 exd5 6. Bg5 h6 7. Bh4 O-O 8. e3
Bf5 9. Qb3 Bxc3+ 10. bxc3 Nbd7 11. Be2 c5 12. dxc5 Nxc5 13. Qb4 Rc8 14. O-O g5
15. Bg3 Nfe4 16. Nd4 Bg6 17. c4 dxc4 18. Bxc4 Qb6 19. a3 Rfd8 20. Rac1 Qxb4 21.
axb4 Na4 22. Be2 Nac3 23. Bf3 h5 24. h4 Nxg3 25. fxg3 g4 26. Bxb7 Rxd4 27. Bxc8
Ne2+ 28. Kh2 Rxb4 29. Ra1 Rb2 30. Bf5 1-0

[Event "chess.com SpeedChess 2022"]
[Site "chess.com INT"]
[Date "2022.11.27"]
[Round "1.31"]
[White "Ding, Liren"]
[Black "Grischuk, Alexander"]
[Result "1-0"]
[WhiteTitle "GM"]
[BlackTitle "GM"]
[WhiteElo "2811"]
[BlackElo "2745"]
[WhiteFideId "8603677"]
[BlackFideId "4126025"]
[EventDate "2022.11.23"]
[EventType "k.o."]

1. Nf3 d5 2. g3 c6 3. Bg2 Bf5 4. c4 dxc4 5. Na3 e5 6. Nxc4 e4 7. Nfe5 Be6 8. Qc2
Nf6 9. O-O Be7 10. Rd1 Na6 11. a3 O-O 12. d3 exd3 13. Rxd3 Qc7 14. Bf4 Nd5 15.
Bxd5 cxd5 16. Ng6 Qxc4 17. Nxe7+ 1-0

[Event "chess.com SpeedChess 2022"]
[Site "chess.com INT"]
[Date "2022.11.27"]
[Round "1.32"]
[White "Grischuk, Alexander"]
[Black "Ding, Liren"]
[Result "1-0"]
[WhiteTitle "GM"]
[BlackTitle "GM"]
[WhiteElo "2745"]
[BlackElo "2811"]
[WhiteFideId "4126025"]
[BlackFideId "8603677"]
[EventDate "2022.11.23"]
[EventType "k.o."]

1. e4 e5 2. Nf3 Nc6 3. Bb5 a6 4. Ba4 Nf6 5. O-O Be7 6. d3 b5 7. Bb3 d6 8. a4 Bd7
9. Bd2 O-O 10. Re1 h6 11. h3 Re8 12. Nc3 Na5 13. Bd5 c6 14. Ba2 b4 15. Ne2 c5
16. Ng3 Bf8 17. Nh4 Rb8 18. Nhf5 Be6 19. Rf1 c4 20. f4 b3 21. cxb3 cxb3 22. Bb1
Nc6 23. Bc3 g6 24. Ne3 Qb6 25. Qf3 d5 26. a5 Qc5 27. Be1 dxe4 28. dxe4 Nd4 29.
Qf2 exf4 30. Qxf4 Nc2 31. Bxc2 bxc2 32. Bc3 Nd7 33. Kh1 Qd6 34. Qf2 Ne5 35. Qxc2
Nd3 36. Ngf5 gxf5 37. Nxf5 Bxf5 38. Rxf5 Ne5 39. Raf1 Re6 40. Qf2 Rb7 41. Qg3+
Ng6 42. Qg4 Rc7 43. h4 Kh7 44. h5 Ne5 45. Bxe5 Rxe5 46. Rxf7+ Rxf7 47. Rxf7+ Kh8
48. Rf5 Rxf5 49. Qxf5 Bg7 50. Qc8+ Kh7 51. Qf5+ Kh8 52. Qc8+ Kh7 53. Qf5+ Kg8
54. Qc8+ Kf7 55. Qf5+ Bf6 56. Qh7+ Bg7 57. Qf5+ Ke7 58. g4 Qd1+ 59. Kg2 Qe2+ 60.
Kg3 Qe3+ 61. Kg2 Qd2+ 62. Kf3 Qd3+ 63. Kg2 Bxb2 64. Qh7+ Ke6 65. Qxh6+ Ke5 66.
Qg5+ Kxe4 67. Qf5+ Ke3 68. Qf2+ Ke4 69. Qxb2 Qf3+ 70. Kh2 Qf4+ 71. Kh3 Qf1+ 72.
Kh4 Qe1+ 73. Kg5 Qxa5+ 74. Kg6 Qd8 75. Qf6 Qg8+ 76. Qg7 Qe6+ 77. Kh7 a5 78. Qg6+
Ke5 79. Qxe6+ Kxe6 80. g5 a4 81. g6 a3 82. g7 a2 83. g8=Q+ Ke5 84. Qxa2 1-0

[Event "chess.com SpeedChess 2022"]
[Site "chess.com INT"]
[Date "2022.11.27"]
[Round "1.33"]
[White "Ding, Liren"]
[Black "Grischuk, Alexander"]
[Result "1/2-1/2"]
[WhiteTitle "GM"]
[BlackTitle "GM"]
[WhiteElo "2811"]
[BlackElo "2745"]
[WhiteFideId "8603677"]
[BlackFideId "4126025"]
[EventDate "2022.11.23"]
[EventType "k.o."]

1. d4 Nf6 2. c4 e6 3. Nf3 d5 4. g3 Be7 5. Bg2 O-O 6. O-O dxc4 7. Qc2 a6 8. a4 c5
9. dxc5 Bxc5 10. Nbd2 b5 11. axb5 Bb7 12. Nxc4 axb5 13. Rxa8 Bxa8 14. Nce5 Qb6
15. Nd3 Nbd7 16. Nxc5 Qxc5 17. Qxc5 Nxc5 18. Be3 Nb3 19. Nd4 Nxd4 20. Bxd4 Bxg2
21. Kxg2 Rc8 22. Ra1 h6 23. Ra5 Rc2 24. Kf3 b4 25. Rb5 Nd5 26. e4 Ne7 27. Rxb4
Nc6 28. Ra4 Nxd4+ 29. Rxd4 Rxb2 30. h4 g6 31. Rd7 Kg7 32. Ra7 Rb3+ 33. Kg2 Rb4
34. Kf3 Rb3+ 35. Kg2 Rb4 36. Kf3 Rb3+ 1/2-1/2

[Event "chess.com SpeedChess 2022"]
[Site "chess.com INT"]
[Date "2022.11.27"]
[Round "1.34"]
[White "Grischuk, Alexander"]
[Black "Ding, Liren"]
[Result "0-1"]
[WhiteTitle "GM"]
[BlackTitle "GM"]
[WhiteElo "2745"]
[BlackElo "2811"]
[WhiteFideId "4126025"]
[BlackFideId "8603677"]
[EventDate "2022.11.23"]
[EventType "k.o."]

1. e4 e5 2. Nf3 Nc6 3. Bb5 a6 4. Ba4 Nf6 5. O-O Be7 6. Bxc6 dxc6 7. d3 Nd7 8.
Nc3 O-O 9. Be3 Re8 10. Nd2 Nf8 11. a4 Ng6 12. a5 Be6 13. Kh1 Qd7 14. f3 h6 15.
Qe1 c5 16. Qf2 b6 17. b3 Qc6 18. g3 b5 19. f4 f5 20. Qg2 exf4 21. gxf4 Nh4 22.
Qg3 Bf6 23. Rae1 Bxc3 24. Qxh4 fxe4 25. Nxe4 Bf5 26. Qg3 Bxe1 0-1

[Event "chess.com SpeedChess 2022"]
[Site "chess.com INT"]
[Date "2022.11.27"]
[Round "1.35"]
[White "Ding, Liren"]
[Black "Grischuk, Alexander"]
[Result "1-0"]
[WhiteTitle "GM"]
[BlackTitle "GM"]
[WhiteElo "2811"]
[BlackElo "2745"]
[WhiteFideId "8603677"]
[BlackFideId "4126025"]
[EventDate "2022.11.23"]
[EventType "k.o."]

1. d4 Nf6 2. c4 e6 3. Nf3 d5 4. g3 Bb4+ 5. Bd2 Be7 6. Bg2 O-O 7. O-O Nbd7 8. Qc2
c6 9. Bf4 a5 10. Rd1 b5 11. c5 Nh5 12. Bd6 Bxd6 13. cxd6 Bb7 14. Nbd2 Nb6 15. e4
Qxd6 16. e5 Qe7 17. Nb3 Nd7 18. Rac1 a4 19. Nc5 Nxc5 20. Qxc5 Qxc5 21. Rxc5 a3
22. b3 f5 23. Ng5 Rae8 24. Bf3 g6 25. Bxh5 gxh5 26. Nh3 h4 27. Nf4 hxg3 28. hxg3
Re7 29. Kg2 Kf7 30. Rh1 Ke8 31. Rh6 Kd7 32. b4 Ra8 33. Rc1 Bc8 34. Nd3 Kc7 35.
Rch1 Bd7 36. Rxh7 Rae8 37. Nc5 Bc8 38. Kf3 Kb6 39. Kf4 Kc7 40. f3 Kd8 41. R1h6
Rg8 42. Rxe7 Kxe7 43. Rh7+ Kd8 44. Rh6 Ke7 45. Rh5 Kd8 46. Rh7 Rf8 47. Kg5 Rg8+
48. Kh4 Rf8 49. Kh5 Rg8 50. g4 fxg4 51. fxg4 Rf8 52. g5 Rf2 53. g6 Rxa2 54. g7
Rh2+ 55. Kg6 Rg2+ 56. Kf7 Rf2+ 57. Kg8 a2 58. Rh1 Ke7 59. Kh8 Rh2+ 60. Rxh2 a1=Q
61. g8=Q 1-0

[Event "chess.com SpeedChess 2022"]
[Site "chess.com INT"]
[Date "2022.11.27"]
[Round "1.36"]
[White "Grischuk, Alexander"]
[Black "Ding, Liren"]
[Result "1/2-1/2"]
[WhiteTitle "GM"]
[BlackTitle "GM"]
[WhiteElo "2745"]
[BlackElo "2811"]
[WhiteFideId "4126025"]
[BlackFideId "8603677"]
[EventDate "2022.11.23"]
[EventType "k.o."]

1. d4 Nf6 2. c4 e6 3. Nf3 d5 4. Nc3 c5 5. cxd5 Nxd5 6. a3 cxd4 7. Qxd4 Nc6 8.
Qd2 Be7 9. e4 Nxc3 10. Qxc3 O-O 11. Be3 Bd7 12. Be2 Rc8 13. O-O Qc7 14. Rac1
Rfd8 15. b4 a6 16. Qb3 Be8 17. h3 Qb8 18. Bb6 Rd7 19. Rfd1 Rxd1+ 20. Rxd1 Ne5
21. Bd4 Nxf3+ 22. Qxf3 Rd8 23. Qe3 Bc6 24. Bc4 Bf8 25. Bb3 Rd7 26. Bb2 Rxd1+ 27.
Bxd1 Qd6 28. Bc2 Bb5 29. Bc3 Qc6 30. Qd2 Ba4 31. Bb1 Bb5 32. f3 Qd6 33. Qxd6
Bxd6 34. Kf2 f6 35. Ke3 Kf7 36. f4 e5 37. Ba2+ Ke7 38. f5 Be8 39. Bd5 Bc6 40.
Bxc6 bxc6 41. Kd3 Kd7 42. Kc4 Bb8 43. Bd2 Ba7 44. g4 h6 45. Bc1 Bb6 46. Bd2 Ba7
47. Be1 Bb6 48. Bg3 Ba7 49. h4 Bd4 50. Be1 Kd6 51. Bd2 Kd7 52. g5 hxg5 53. hxg5
Kd6 54. g6 Ke7 55. Kb3 Bb6 56. Ka4 Ke8 57. Kb3 Ke7 58. Kc4 Ke8 59. Bc3 Ke7 60.
a4 Ke8 61. Bd2 Ke7 62. Be1 Ke8 63. Bc3 Ke7 64. Bb2 Kd7 65. Ba3 Ke8 66. Bb2 Ke7
67. Bc3 Ke8 68. Bd2 Ke7 69. Bc1 Ke8 70. Bb2 Ke7 71. Ba1 Ke8 72. Kb3 Ke7 73. Bc3
Ke8 74. Kc2 Ke7 75. Kd3 Ke8 76. Bd2 Ke7 77. Be3 Bxe3 78. Kxe3 Kd6 79. Kd3 c5 80.
b5 axb5 81. axb5 Kc7 82. Kc3 Kb7 83. Kb3 Kc7 84. Kc3 Kb7 85. Kb3 Kc7 86. Kc3 1/2-1/2

[Event "chess.com SpeedChess 2022"]
[Site "chess.com INT"]
[Date "2022.11.27"]
[Round "1.37"]
[White "Ding, Liren"]
[Black "Grischuk, Alexander"]
[Result "0-1"]
[WhiteTitle "GM"]
[BlackTitle "GM"]
[WhiteElo "2811"]
[BlackElo "2745"]
[WhiteFideId "8603677"]
[BlackFideId "4126025"]
[EventDate "2022.11.23"]
[EventType "k.o."]

1. Nf3 g6 2. d4 Nf6 3. c4 Bg7 4. Nc3 O-O 5. e4 d6 6. Be2 e5 7. O-O Nc6 8. d5 Ne7
9. b4 a5 10. bxa5 Rxa5 11. a4 Ne8 12. Nd2 c5 13. dxc6 bxc6 14. Nb3 Ra8 15. c5 d5
16. exd5 cxd5 17. Bg5 f6 18. Bd2 Be6 19. a5 f5 20. Na4 f4 21. Nb6 Ra7 22. a6 Nc7
23. Re1 Nc6 24. Na5 Nd4 25. Bf1 Qg5 26. Ra3 e4 27. Kh1 Ncb5 28. Ra4 Rc7 29. Nb3
Nxb3 30. Qxb3 Nd4 31. Qa2 e3 32. Bc3 f3 33. Bxd4 fxg2+ 34. Bxg2 Rxf2 35. Qxf2
exf2 36. Bxf2 Qd2 37. Rxe6 Qxf2 38. Nxd5 Rxc5 0-1

[Event "chess.com SpeedChess 2022"]
[Site "chess.com INT"]
[Date "2022.11.27"]
[Round "1.38"]
[White "Grischuk, Alexander"]
[Black "Ding, Liren"]
[Result "1/2-1/2"]
[WhiteTitle "GM"]
[BlackTitle "GM"]
[WhiteElo "2745"]
[BlackElo "2811"]
[WhiteFideId "4126025"]
[BlackFideId "8603677"]
[EventDate "2022.11.23"]
[EventType "k.o."]

1. d4 Nf6 2. c4 e6 3. Nc3 d5 4. cxd5 exd5 5. Bg5 c6 6. e3 h6 7. Bh4 Be7 8. Bd3
O-O 9. Nge2 Re8 10. O-O Nbd7 11. f3 b5 12. Bf2 a5 13. Ng3 Ba6 14. Kh1 b4 15.
Nce2 Bxd3 16. Qxd3 c5 17. dxc5 Nxc5 18. Qd2 Ne6 19. Nf5 Rf8 20. Rac1 Re8 21. Rc6
Bf8 22. Rfc1 Qd7 23. Nfd4 Rec8 24. Rxc8 Rxc8 25. Rxc8 Qxc8 26. g4 g6 27. Kg2 Bg7
28. h3 Nxd4 29. Nxd4 Nd7 30. Ne2 Qc6 31. Nf4 Nb6 32. b3 Qc3 33. Qxc3 bxc3 34.
Be1 c2 35. Bd2 Nd7 36. Kf2 Nc5 37. Ke2 Bb2 38. Nxd5 c1=Q 39. Bxc1 Bxc1 40. Ne7+
Kf8 41. Nc6 Nb7 42. Kd3 Ke8 43. f4 Kd7 44. Ne5+ Ke6 45. Nc6 Kd5 46. Ne7+ Kc5 47.
Ng8 h5 48. Nh6 Nd6 49. Ng8 hxg4 50. hxg4 Kb4 51. Nf6 Ka3 52. Nd5 Kxa2 53. Kc2
Bb2 54. Nb6 Ba3 55. Nd7 Bb4 56. Ne5 Ka3 57. Nd3 Nb5 58. Ne5 Nd6 59. Nd3 Nb7 60.
Ne5 Nc5 61. Nxf7 Nxb3 62. Ne5 a4 63. Nxg6 Bc5 64. Ne5 Kb4 65. Nd3+ Kc4 66. Nxc5
Nxc5 67. Kb2 Kb4 68. g5 a3+ 69. Ka2 Ne4 70. g6 Nf6 71. g7 Kc5 72. e4 Ng8 73.
Kxa3 Kd4 74. e5 Kd5 75. Kb4 Ke6 76. Kc5 Ne7 77. Kb6 Kf7 78. Kc7 Kxg7 79. Kd7 Kf7
80. f5 Nxf5 81. e6+ Kf6 82. e7 Nxe7 1/2-1/2

[Event "chess.com SpeedChess 2022"]
[Site "chess.com INT"]
[Date "2022.11.28"]
[Round "1.11"]
[White "Nepomniachtchi, Ian"]
[Black "Vachier-Lagrave, Maxime"]
[Result "1-0"]
[WhiteTitle "GM"]
[BlackTitle "GM"]
[WhiteElo "2793"]
[BlackElo "2736"]
[WhiteFideId "4168119"]
[BlackFideId "623539"]
[EventDate "2022.11.23"]
[EventType "k.o."]

1. d4 Nf6 2. Nf3 g6 3. c4 Bg7 4. e3 O-O 5. Be2 c5 6. d5 d6 7. O-O e6 8. Nc3 exd5
9. cxd5 a6 10. a4 Bg4 11. Nd2 Bxe2 12. Qxe2 Nbd7 13. Nc4 Qe7 14. e4 b5 15. axb5
axb5 16. Rxa8 Rxa8 17. Nxb5 Qxe4 18. Qxe4 Nxe4 19. Nbxd6 Nxd6 20. Nxd6 Nb6 21.
Ne4 Nxd5 22. Nxc5 Rb8 23. Nd3 Nb4 24. Nc5 Rb5 25. Na4 Nd3 26. Rd1 Nxc1 27. Rxc1
Rb4 28. Rc8+ Bf8 29. Ra8 Kg7 30. g3 Be7 31. Ra7 Bf6 32. Nc5 Kg8 33. Ra8+ Kg7 34.
Ra7 Kg8 35. Nd3 Rb3 36. Ra3 Rb5 37. b4 Be7 38. Rb3 f5 39. Kf1 Kf7 40. Ke2 Ke6
41. Ra3 Rb6 42. Ra4 Bd6 43. Kd2 Kd5 44. Kc3 Ke4 45. b5+ Kd5 46. Rd4+ Ke6 47. Kc4
Rb8 48. Nc5+ Ke7 49. Rd5 h5 50. Nb3 Rc8+ 51. Kd4 Rc2 52. b6 Rxf2 53. b7 Bc7 54.
Nc5 Rd2+ 55. Kc4 Rxd5 56. Kxd5 f4 57. gxf4 Bxf4 58. h3 Bh2 59. Kc6 g5 60. Na6
Kd8 61. Kd5 g4 62. h4 Bf4 63. Ke4 1-0

[Event "chess.com SpeedChess 2022"]
[Site "chess.com INT"]
[Date "2022.11.28"]
[Round "1.12"]
[White "Vachier-Lagrave, Maxime"]
[Black "Nepomniachtchi, Ian"]
[Result "1/2-1/2"]
[WhiteTitle "GM"]
[BlackTitle "GM"]
[WhiteElo "2736"]
[BlackElo "2793"]
[WhiteFideId "623539"]
[BlackFideId "4168119"]
[EventDate "2022.11.23"]
[EventType "k.o."]

1. e4 e5 2. Nf3 Nc6 3. Bb5 Nf6 4. O-O Nxe4 5. Re1 Nd6 6. Nxe5 Be7 7. Bf1 Nxe5 8.
Rxe5 O-O 9. d4 Bf6 10. Re2 b6 11. Re1 Bb7 12. Bf4 Ne4 13. c3 Bg5 14. Qc1 Bh4 15.
g3 Bf6 16. Bg2 d5 17. Nd2 Nxd2 18. Qxd2 Qd7 19. Be5 Bxe5 20. Rxe5 Rae8 21. Rae1
Rxe5 22. Rxe5 Re8 23. c4 h6 24. cxd5 Rd8 25. Qb4 Re8 26. Qb3 Rd8 27. Qa3 a5 28.
h4 Re8 29. d6 Bxg2 30. Rxe8+ Qxe8 31. Kxg2 Qc6+ 32. Qf3 Qxd6 33. Qa8+ Kh7 34.
Qe4+ g6 35. h5 Kg7 36. hxg6 fxg6 37. a4 h5 38. b3 Kf7 39. Qf3+ Ke7 40. Qe4+ Qe6
41. Qf3 Kd6 42. Qc3 Qe4+ 43. Kg1 g5 44. Qc1 Qf5 45. Qe3 h4 46. gxh4 gxh4 47. Kh2
Kd5 48. f3 c6 49. Qe2 Kxd4 50. Qd2+ Ke5 51. Qe3+ Kd6 52. Qd4+ Kc7 53. Qxh4 Qxf3
54. Qe7+ Kc8 55. Qe8+ Kb7 56. Qd7+ Kb8 57. Qd8+ Kb7 58. Qd7+ Kb8 59. Qd8+ Kb7
60. Qd7+ 1/2-1/2

[Event "chess.com SpeedChess 2022"]
[Site "chess.com INT"]
[Date "2022.11.28"]
[Round "1.13"]
[White "Nepomniachtchi, Ian"]
[Black "Vachier-Lagrave, Maxime"]
[Result "0-1"]
[WhiteTitle "GM"]
[BlackTitle "GM"]
[WhiteElo "2793"]
[BlackElo "2736"]
[WhiteFideId "4168119"]
[BlackFideId "623539"]
[EventDate "2022.11.23"]
[EventType "k.o."]

1. d4 Nf6 2. Nf3 g6 3. e3 Bg7 4. Be2 O-O 5. O-O c5 6. d5 e6 7. c4 exd5 8. cxd5
d6 9. Nc3 Bg4 10. Nd2 Bxe2 11. Qxe2 Na6 12. Nc4 Nc7 13. e4 b5 14. Nxd6 Qxd6 15.
e5 Qd7 16. exf6 Bxf6 17. Ne4 Bg7 18. Nxc5 Qxd5 19. Be3 Rfe8 20. Qc2 Ne6 21. Nxe6
Qxe6 22. Rac1 Qxa2 23. Ra1 Qxb2 24. Qxb2 Bxb2 25. Rab1 Bg7 26. Rxb5 a5 27. Rb3
a4 28. Ra3 Bf8 29. Ra2 a3 30. g4 Rab8 31. Rfa1 Rb3 32. Kg2 Rc8 33. h3 h5 34.
gxh5 gxh5 35. Kf3 Kh7 36. Rd2 Bg7 37. Rg1 Rc6 38. Rd5 Rf6+ 39. Ke4 Re6+ 40. Kf3
Rf6+ 41. Ke4 Rb4+ 42. Kd3 Ra4 43. Rxh5+ Kg8 44. Rg4 Rxg4 45. hxg4 Rd6+ 0-1

[Event "chess.com SpeedChess 2022"]
[Site "chess.com INT"]
[Date "2022.11.28"]
[Round "1.14"]
[White "Vachier-Lagrave, Maxime"]
[Black "Nepomniachtchi, Ian"]
[Result "1-0"]
[WhiteTitle "GM"]
[BlackTitle "GM"]
[WhiteElo "2736"]
[BlackElo "2793"]
[WhiteFideId "623539"]
[BlackFideId "4168119"]
[EventDate "2022.11.23"]
[EventType "k.o."]

1. e4 e5 2. Nf3 Nc6 3. Bb5 Nf6 4. O-O Nxe4 5. Re1 Nd6 6. Nxe5 Be7 7. Bf1 Nxe5 8.
Rxe5 O-O 9. d4 Bf6 10. Re2 b6 11. Re1 Bb7 12. Bf4 Ne4 13. c3 Bh4 14. g3 Bg5 15.
Bg2 Bxf4 16. Bxe4 Bxe4 17. Rxe4 Bg5 18. h4 d5 19. Re1 Bf6 20. Nd2 Qd7 21. Qf3
Rae8 22. Nf1 c6 23. Nh2 Bd8 24. Ng4 Bc7 25. Rxe8 Rxe8 26. Ne3 h5 27. Rc1 g6 28.
c4 dxc4 29. Rxc4 Re6 30. Kg2 Kg7 31. d5 cxd5 32. Nxd5 Be5 33. b3 Rd6 34. Rc7 Qe6
35. Ne3 Rd2 36. Rc2 Rd4 37. Rc4 b5 38. Rc5 a6 39. Rc6 Rd6 40. Rxd6 Qxd6 41. Nd5
Qa3 42. Qe2 Bb2 43. Nf4 Ba1 44. Nd3 Bf6 45. Nf4 Ba1 46. Nd3 a5 47. Qc2 Bd4 48.
Nf4 a4 49. Qc7 Ba1 50. Ne6+ Kg8 51. Qd8+ Kh7 52. Ng5+ Kh6 53. Qg8 1-0

[Event "chess.com SpeedChess 2022"]
[Site "chess.com INT"]
[Date "2022.11.28"]
[Round "1.15"]
[White "Nepomniachtchi, Ian"]
[Black "Vachier-Lagrave, Maxime"]
[Result "1/2-1/2"]
[WhiteTitle "GM"]
[BlackTitle "GM"]
[WhiteElo "2793"]
[BlackElo "2736"]
[WhiteFideId "4168119"]
[BlackFideId "623539"]
[EventDate "2022.11.23"]
[EventType "k.o."]

1. d4 Nf6 2. Nf3 g6 3. c4 Bg7 4. Nc3 d5 5. cxd5 Nxd5 6. e4 Nxc3 7. bxc3 c5 8.
Rb1 O-O 9. Be2 cxd4 10. cxd4 Qa5+ 11. Bd2 Qxa2 12. O-O Bg4 13. Bg5 h6 14. Be3
Nc6 15. d5 Ne5 16. Rxb7 a5 17. Bd4 Nxf3+ 18. Bxf3 Bxf3 19. gxf3 Bxd4 20. Qxd4
Qa3 21. Kg2 Rab8 22. Rfb1 Rxb7 23. Rxb7 Qc1 24. Qe5 Qg5+ 25. Qxg5 hxg5 26. Ra7
Rb8 27. Rxa5 f6 28. Ra7 Kf8 29. Kg3 Rb3 30. Rc7 Ra3 31. Rc1 Kf7 32. Rb1 Rc3 33.
Rb7 Kf8 34. Rb2 Kf7 35. Kg4 Rc1 36. f4 Re1 37. Rb4 Rg1+ 38. Kf3 gxf4 39. Rb7 Kf8
40. Kxf4 Rg2 41. Ke3 Rxh2 42. f4 Rh3+ 43. Kd4 Rf3 44. Rb8+ Kf7 45. Rb7 Kf8 46.
Rb8+ Kf7 47. Rb7 Kf8 1/2-1/2

[Event "chess.com SpeedChess 2022"]
[Site "chess.com INT"]
[Date "2022.11.28"]
[Round "1.16"]
[White "Vachier-Lagrave, Maxime"]
[Black "Nepomniachtchi, Ian"]
[Result "0-1"]
[WhiteTitle "GM"]
[BlackTitle "GM"]
[WhiteElo "2736"]
[BlackElo "2793"]
[WhiteFideId "623539"]
[BlackFideId "4168119"]
[EventDate "2022.11.23"]
[EventType "k.o."]

1. e4 e5 2. Nf3 Nc6 3. Bb5 Nf6 4. O-O Nxe4 5. Re1 Nd6 6. Nxe5 Be7 7. Bf1 Nxe5 8.
Rxe5 O-O 9. Nc3 Ne8 10. Nd5 Bd6 11. Re1 c6 12. Ne3 Bc7 13. Nf5 d5 14. Ne7+ Kh8
15. Nxc8 Rxc8 16. d3 f5 17. Qf3 Qd7 18. Bf4 Nf6 19. Bxc7 Qxc7 20. Re6 g6 21.
Rae1 Rfe8 22. Rxe8+ Nxe8 23. Qe3 a6 24. c4 Nf6 25. Qd4 Kg7 26. Re6 Qf7 27. cxd5
Rd8 28. Qe3 Nxd5 29. Qe5+ Kh6 30. g3 Rd7 31. Bg2 Nc7 32. Rf6 Qe7 33. Qxf5 Kg7 0-1

[Event "chess.com SpeedChess 2022"]
[Site "chess.com INT"]
[Date "2022.11.28"]
[Round "1.17"]
[White "Nepomniachtchi, Ian"]
[Black "Vachier-Lagrave, Maxime"]
[Result "0-1"]
[WhiteTitle "GM"]
[BlackTitle "GM"]
[WhiteElo "2793"]
[BlackElo "2736"]
[WhiteFideId "4168119"]
[BlackFideId "623539"]
[EventDate "2022.11.23"]
[EventType "k.o."]

1. e4 e5 2. f4 exf4 3. Nf3 d5 4. exd5 Nf6 5. Bb5+ Bd7 6. Bxd7+ Nbxd7 7. O-O Nxd5
8. c4 N5f6 9. d4 Be7 10. Bxf4 O-O 11. Nc3 c6 12. Qc2 Re8 13. Rae1 Nf8 14. Kh1
Ng6 15. Bg3 Qd7 16. Rd1 Nh5 17. Bf2 Nhf4 18. d5 cxd5 19. g3 Qg4 20. Bg1 Nh3 21.
Nxd5 Nxg1 22. Kxg1 Rac8 23. Nxe7+ Rxe7 24. Rd4 Qh5 25. Qd3 Qc5 26. Kg2 Rce8 27.
Rd8 Qb6 28. Rxe8+ Rxe8 29. b3 h5 30. Rf2 Qc6 31. Qf5 Re5 32. Qd3 h4 33. Kg1 hxg3
34. hxg3 Re8 35. Kh2 Ne5 36. Nxe5 Rxe5 37. Qd8+ Kh7 38. Qh4+ Kg6 39. Qg4+ Rg5
40. Qf3 Qxf3 41. Rxf3 Rf5 42. Rd3 Rf2+ 43. Kh3 Rxa2 44. c5 Ra5 45. b4 Rb5 46.
Rd4 Kf6 47. Kg2 Ke5 48. Rd7 Rxb4 49. c6 bxc6 50. Rxf7 g5 51. Rxa7 g4 52. Kf2 c5
53. Rg7 Re4 54. Rd7 c4 55. Rd8 c3 56. Rd1 c2 57. Rc1 Rc4 58. Ke2 Kd4 59. Kd2 Rc3 0-1

[Event "chess.com SpeedChess 2022"]
[Site "chess.com INT"]
[Date "2022.11.28"]
[Round "1.18"]
[White "Vachier-Lagrave, Maxime"]
[Black "Nepomniachtchi, Ian"]
[Result "1/2-1/2"]
[WhiteTitle "GM"]
[BlackTitle "GM"]
[WhiteElo "2736"]
[BlackElo "2793"]
[WhiteFideId "623539"]
[BlackFideId "4168119"]
[EventDate "2022.11.23"]
[EventType "k.o."]

1. e4 e5 2. Nf3 Nc6 3. Bb5 Nf6 4. O-O Nxe4 5. d4 Nd6 6. Bxc6 dxc6 7. dxe5 Nf5 8.
Qxd8+ Kxd8 9. h3 Be6 10. Nc3 Bb4 11. Ne2 Bc4 12. Rd1+ Ke8 13. Ned4 Rd8 14. Bg5
Ne7 15. Nf5 Rxd1+ 16. Rxd1 Rg8 17. Rd4 b5 18. Nd2 f6 19. Nxe7 Bxd2 20. Nxg8 Bxg5
21. f4 Bh4 22. e6 c5 23. Rd7 f5 24. Rxg7 Bxe6 25. Rxh7 Bd8 26. Nh6 a5 27. a3 Bf6
28. c3 b4 29. axb4 axb4 30. Rxc7 bxc3 31. bxc3 Bxc3 32. g4 fxg4 33. hxg4 Bd2 34.
Nf5 Bxf5 35. gxf5 Bxf4 36. Rc6 Kf7 37. Kg2 Be5 38. Rxc5 Kf6 39. Kf3 Kxf5 40. Ke3
Ke6 41. Ke4 Bd6 42. Rc6 Ke7 43. Rxd6 Kxd6 1/2-1/2